[Event "United States Championship 2006"]
[Site "San Diego USA"]
[Date "2006.03.08"]
[Round "6"]
[White "Ibragimov, I."]
[Black "Fernandez, D."]
[Result "1-0"]
[WhiteElo "2635"]
[BlackElo "2423"]
[PlyCount "69"]
[EventDate "2006.??.??"]

1. c4 Nf6 2. d4 e6 3. Nf3 b6 4. g3 Ba6 5. Nbd2 c5 6. Bg2 Bb7 7. e4 cxd4 8. e5
Ng4 9. O-O d6 10. h3 Nxe5 11. Nxe5 Bxg2 12. Nxf7 Kxf7 13. Kxg2 Nd7 14. Ne4 Be7
15. Qxd4 Nc5 16. Re1 d5 17. Nxc5 Bxc5 18. Qf4+ Qf6 19. cxd5 exd5 20. Qc7+ Kg6
21. Bf4 Rhe8 22. Qd7 Rad8 23. Qg4+ Kf7 24. Rxe8 Rxe8 25. Rd1 Kg8 26. Qf3 Kh8
27. Rxd5 Rf8 28. b3 h6 29. h4 Qb2 30. Rd2 Qb1 31. Qd3 Qa1 32. Re2 Qf6 33. h5
Qf7 34. Re5 Qb7+ 35. Qd5 1-0

[Event "United States Championship 2006"]
[Site "San Diego USA"]
[Date "2006.03.08"]
[Round "6"]
[White "Vicary, E."]
[Black "Schneider, I."]
[Result "1-0"]
[WhiteElo "2107"]
[BlackElo "2376"]
[PlyCount "59"]
[EventDate "2006.??.??"]

1. e4 e6 2. d4 d5 3. Nd2 Nf6 4. e5 Nfd7 5. c3 c5 6. Bd3 Nc6 7. Ne2 cxd4 8. cxd4
f6 9. exf6 Nxf6 10. Nf3 Bd6 11. O-O Qc7 12. Bg5 O-O 13. Ng3 Qf7 14. Rc1 Ng4 15.
Bb1 Bd7 16. Bh4 g6 17. Rc3 Qg7 18. h3 Nf6 19. a3 h6 20. Ne2 Nh5 21. Re3 Rae8
22. Qc2 Kh7 23. Ne5 Bxe5 24. dxe5 Rc8 25. Qd3 Be8 26. f4 Qf7 27. g4 Ng7 28. Ng3
Bd7 29. Bf6 Ne7 30. Bxe7 1-0

[Event "United States Championship 2006"]
[Site "San Diego USA"]
[Date "2006.03.08"]
[Round "6"]
[White "Serper, G."]
[Black "Baginskaite, C."]
[Result "1-0"]
[WhiteElo "2517"]
[BlackElo "2299"]
[PlyCount "77"]
[EventDate "2006.??.??"]

1. d4 d5 2. c4 e6 3. Nc3 Be7 4. Nf3 Nf6 5. Bg5 h6 6. Bh4 O-O 7. e3 b6 8. Qc2
Bb7 9. Bxf6 Bxf6 10. cxd5 exd5 11. O-O-O c5 12. g4 cxd4 13. exd4 Nc6 14. h4 Bc8
15. g5 hxg5 16. hxg5 Bxg5+ 17. Kb1 g6 18. a3 Bg4 19. Be2 Bf5 20. Bd3 Bxd3 21.
Qxd3 Bf6 22. Ne5 Nxe5 23. dxe5 Bxe5 24. Nxd5 Re8 25. f4 Bg7 26. f5 g5 27. Qf3
f6 28. Qb3 Kf8 29. Nf4 gxf4 30. Rxd8 Raxd8 31. Qb4+ Re7 32. Qxf4 Red7 33. Ka2
Rd4 34. Qg3 Rd3 35. Qg6 Rd1 36. Rh7 R8d7 37. Qg3 R1d5 38. Qb8+ Kf7 39. Qh8 1-0

[Event "United States Championship 2006"]
[Site "San Diego USA"]
[Date "2006.03.08"]
[Round "6"]
[White "Florean, A."]
[Black "Stein, A."]
[Result "1/2-1/2"]
[WhiteElo "2426"]
[BlackElo "2415"]
[PlyCount "89"]
[EventDate "2006.??.??"]

1. e4 e5 2. Bc4 Nf6 3. d3 Nc6 4. Nf3 Be7 5. O-O O-O 6. c3 d6 7. Bb3 Na5 8. Bc2
c5 9. Nbd2 Nc6 10. Re1 Re8 11. Nf1 h6 12. h3 Be6 13. Ng3 Bf8 14. d4 cxd4 15.
cxd4 exd4 16. Nxd4 Nxd4 17. Qxd4 Nd7 18. Be3 Qa5 19. b4 Qc7 20. Rec1 Rec8 21.
Bd3 Qb6 22. Qb2 Qd8 23. f4 Qh4 24. Qf2 Nb6 25. Kh2 d5 26. f5 Bd7 27. Bc5 dxe4
28. Bxe4 Bc6 29. Bxf8 Kxf8 30. Bxc6 Rxc6 31. Rxc6 bxc6 32. a3 Rd8 33. Rc1 Kg8
34. Rxc6 Nc4 35. Qe2 Nd2 36. f6 Qf4 37. fxg7 h5 38. Qxh5 Nf1+ 39. Kg1 Qd4+ 40.
Kxf1 Qa1+ 41. Kf2 Qd4+ 42. Kf3 Qd3+ 43. Kf2 Qd4+ 44. Kf3 Qd3+ 45. Kf2 1/2-1/2

[Event "United States Championship 2006"]
[Site "San Diego USA"]
[Date "2006.03.08"]
[Round "6"]
[White "Schneider, D."]
[Black "Friedel, J."]
[Result "1-0"]
[WhiteElo "2486"]
[BlackElo "2455"]
[PlyCount "155"]
[EventDate "2006.??.??"]

1. e4 e5 2. Nf3 Nc6 3. Bb5 a6 4. Bxc6 dxc6 5. Nc3 Qd6 6. d4 exd4 7. Qxd4 Bg4 8.
Be3 Bxf3 9. gxf3 Qxd4 10. Bxd4 Ne7 11. f4 O-O-O 12. O-O-O Rg8 13. f5 b6 14. h4
h5 15. Be3 f6 16. Rxd8+ Kxd8 17. Ne2 g6 18. fxg6 Nxg6 19. Ng3 Rh8 20. Nf5 Ke8
21. Kd2 Kf7 22. Ke2 Ne7 23. Ng3 Ng6 24. f4 Bd6 25. Kf3 c5 26. c4 Ne7 27. b3 Rh7
28. Bc1 Rh8 29. Rh2 Rh7 30. Re2 Ng6 31. Nf5 Ne7 32. Ng3 Ng6 33. Rh2 Rh8 34. Rh3
Rh7 35. Rh1 Rh8 36. Nf5 Ne7 37. Ne3 Rg8 38. Bb2 c6 39. Rd1 Rd8 40. e5 Bc7 41.
Rxd8 Bxd8 42. exf6 Ng6 43. f5 Nf8 44. Nf1 Nh7 45. Ng3 Nxf6 46. Bxf6 Bxf6 47.
Nxh5 Bxh4 48. Ke4 Bd8 49. Nf4 Kf6 50. Ne6 Be7 51. a3 b5 52. a4 bxa4 53. bxa4 a5
54. Nf4 Bf8 55. Nd3 Bd6 56. Nc1 Bc7 57. Nb3 Bb6 58. Kf4 Bc7+ 59. Ke4 Bb6 60.
Kf4 Bc7+ 61. Kg4 Bb6 62. Nd2 Ke5 63. Nf3+ Ke4 64. f6 Bc7 65. Ng5+ Ke5 66. f7
Bd6 67. Nh7 Be7 68. Kf3 Kd4 69. Kf4 Kxc4 70. Ke5 Kb3 71. Ke6 c4 72. Kxe7 c3 73.
f8=Q c2 74. Qf4 Kb2 75. Qd4+ Kb1 76. Qb6+ Ka2 77. Qc5 Kb1 78. Kd6 1-0

[Event "United States Championship 2006"]
[Site "San Diego USA"]
[Date "2006.03.08"]
[Round "6"]
[White "Zenyuk, I."]
[Black "Ross, L."]
[Result "1/2-1/2"]
[WhiteElo "2194"]
[BlackElo "2141"]
[PlyCount "96"]
[EventDate "2006.??.??"]

1. d4 d5 2. Nf3 c6 3. c4 Nf6 4. e3 Bf5 5. Nc3 e6 6. Nh4 Be4 7. f3 Bg6 8. Qb3
Qc7 9. Bd2 Be7 10. Nxg6 hxg6 11. O-O-O Nbd7 12. cxd5 cxd5 13. Kb1 O-O 14. Rc1
Qb8 15. e4 dxe4 16. fxe4 e5 17. Bc4 exd4 18. Nd5 Qe5 19. Nxe7+ Qxe7 20. Bb4
Qxe4+ 21. Bd3 Qxg2 22. Bxf8 Rxf8 23. Rhg1 Qxh2 24. Bxg6 Nc5 25. Qc4 b6 26. Rh1
Qe5 27. Rce1 Qd6 28. Reg1 Qe6 29. Qxe6 Nxe6 30. Bf5 Nf4 31. Rh4 N4d5 32. Rxd4
g6 33. Bd3 Kg7 34. Rg5 Ne7 35. Ra4 a5 36. Re5 Nc6 37. Rb5 Nb4 38. Raxb4 axb4
39. Rxb6 Rd8 40. Bc4 Nd5 41. Bxd5 Rxd5 42. Rxb4 f5 43. a4 Ra5 44. Kc2 Kf6 45.
Kb3 g5 46. Rb8 g4 47. Kb4 Ra7 48. Rg8 Rg7 1/2-1/2

[Event "United States Championship 2006"]
[Site "San Diego USA"]
[Date "2006.03.08"]
[Round "6"]
[White "Kleiman, J."]
[Black "Cottrell, K."]
[Result "1-0"]
[WhiteElo "2279"]
[BlackElo "1887"]
[PlyCount "49"]
[EventDate "2006.??.??"]

1. e4 c5 2. Nf3 Nf6 3. e5 Nd5 4. c3 Nc6 5. d4 cxd4 6. cxd4 d6 7. Bc4 Nb6 8. Bb5
e6 9. O-O Bd7 10. Nc3 Be7 11. Qe2 O-O 12. a3 a6 13. Bd3 d5 14. Bf4 Na5 15. Rad1
Na4 16. Qc2 Nxc3 17. Bxh7+ Kh8 18. bxc3 Bxa3 19. Ng5 Bb5 20. Bg8 g6 21. Bxf7
Rg8 22. Rd3 Bxd3 23. Qxd3 Rg7 24. Qh3+ Rh7 25. Qxh7# 1-0

[Event "United States Championship 2006"]
[Site "San Diego USA"]
[Date "2006.03.08"]
[Round "6"]
[White "Airapetian, C."]
[Black "Ginsburg, M."]
[Result "1/2-1/2"]
[WhiteElo "2130"]
[BlackElo "2367"]
[PlyCount "142"]
[EventDate "2006.??.??"]

1. e4 c5 2. Nf3 e6 3. d4 cxd4 4. Nxd4 a6 5. Bd3 Qb6 6. Nb3 Qc7 7. O-O Nf6 8. f4
d6 9. a4 Be7 10. a5 O-O 11. Be3 e5 12. Bb6 Qc6 13. Nc3 Be6 14. f5 Bc4 15. Ra4
Bxd3 16. Qxd3 Rc8 17. Nd2 Qe8 18. Rc4 Nbd7 19. Nd5 Nxd5 20. exd5 Nxb6 21. axb6
Rxc4 22. Nxc4 f6 23. Ra1 Rc8 24. Na5 Qd7 25. Kh1 Kf7 26. Ra3 Bd8 27. Nc4 Be7
28. Rc3 Qa4 29. h3 Rc5 30. Qe2 Rxd5 31. Qh5+ Kg8 32. Qf3 Qb5 33. Na3 e4 34.
Rc8+ Bf8 35. Qxe4 Qf1+ 36. Kh2 Re5 37. Qc4+ Qxc4 38. Nxc4 Rb5 39. b3 d5 40. Ne3
Rxb6 41. Nxd5 Rd6 42. Nf4 Rc6 43. Rb8 Kf7 44. Rxb7+ Ke8 45. c4 Bd6 46. Kg3 a5
47. Kf3 a4 48. Ne6 axb3 49. Nxg7+ Kf8 50. Ne6+ Kg8 51. Rxb3 Rxc4 52. Rd3 Be5
53. Rd8+ Kf7 54. Rh8 Rh4 55. Rf8+ Ke7 56. Rg8 h5 57. Rg7+ Kd6 58. Rh7 Kd5 59.
Rd7+ Kc6 60. Rd3 Ra4 61. g3 h4 62. g4 Rb4 63. Nf8 Rb2 64. Ng6 Bg3 65. g5 fxg5
66. Kg4 Rg2 67. f6 Be5+ 68. Kf5 Bb2 69. Ne7+ Kc5 70. Rf3 Rg3 71. Rf2 Bxf6
1/2-1/2

[Event "United States Championship 2006"]
[Site "San Diego USA"]
[Date "2006.03.08"]
[Round "6"]
[White "Lugo, B."]
[Black "Fedorowicz, J."]
[Result "1-0"]
[WhiteElo "2412"]
[BlackElo "2493"]
[PlyCount "91"]
[EventDate "2006.??.??"]

1. e4 c5 2. Nf3 d6 3. d4 cxd4 4. Nxd4 Nf6 5. Nc3 Nc6 6. Be3 e5 7. Ndb5 a6 8.
Na3 b5 9. Nd5 Rb8 10. Nxf6+ Qxf6 11. c4 b4 12. Nb1 Be7 13. Nd2 O-O 14. Bd3 Qg6
15. O-O Nd8 16. f4 exf4 17. Bxf4 Ne6 18. Bg3 Qh6 19. Nb3 Bb7 20. Qe1 Ba8 21.
Rd1 Rbc8 22. Kh1 Nc5 23. Bb1 Nxb3 24. axb3 Rfe8 25. Qf2 Qh5 26. Qf3 Qxf3 27.
gxf3 f5 28. exf5 Bf6 29. Bxd6 a5 30. Kg2 Rcd8 31. c5 Bxb2 32. Rf2 Bf6 33. Ra2
Re3 34. Be4 Bxe4 35. fxe4 Rxe4 36. Rxa5 Re2+ 37. Kf3 Rc2 38. Rd3 Rxh2 39. Bxh2
Rxd3+ 40. Ke2 Rc3 41. Bd6 g6 42. Ra6 Kf7 43. c6 Bd8 44. Ra8 Bb6 45. Rf8+ Kg7
46. f6+ 1-0

[Event "United States Championship 2006"]
[Site "San Diego USA"]
[Date "2006.03.08"]
[Round "6"]
[White "Browne, W."]
[Black "Liu, E."]
[Result "1-0"]
[WhiteElo "2434"]
[BlackElo "2139"]
[PlyCount "54"]
[EventDate "2006.??.??"]

1. e4 c5 2. Nf3 Nc6 3. d4 cxd4 4. Nxd4 Nf6 5. Nc3 e5 6. Ndb5 Bc5 7. Nd6+ Ke7 8.
Nxc8+ Rxc8 9. Bc4 d6 10. Nd5+ Kf8 11. Nxf6 Qxf6 12. O-O Ne7 13. Kh1 Qh4 14. Qf3
Qf6 15. Qe2 g5 16. g3 Qg6 17. Bd2 Rg8 18. Rae1 Rc7 19. c3 Ke8 20. Rd1 Kf8 21.
b4 Bb6 22. Bb3 Kg7 23. f4 exf4 24. gxf4 Re8 25. fxg5 Kf8 26. Bxf7 Qxf7 27.
Rxf7+ Kxf7 1-0

[Event "United States Championship 2006"]
[Site "San Diego USA"]
[Date "2006.03.08"]
[Round "6"]
[White "Abrahamyan, T."]
[Black "Muhammad, S."]
[Result "1-0"]
[WhiteElo "2254"]
[BlackElo "2377"]
[PlyCount "79"]
[EventDate "2006.??.??"]

1. e4 e5 2. Nf3 Nc6 3. Bc4 Bc5 4. c3 Nf6 5. d3 Be7 6. Bb3 d5 7. Nbd2 O-O 8. O-O
Bg4 9. h3 Bh5 10. Qe2 Re8 11. Rd1 Bf8 12. Nf1 h6 13. g4 Bg6 14. Ng3 Na5 15. Ba4
c6 16. Kh2 b5 17. Bc2 Nb7 18. Rg1 Nc5 19. Nf5 Qc7 20. N3h4 Ne6 21. g5 hxg5 22.
Bxg5 Nf4 23. Bxf4 exf4 24. Kh1 dxe4 25. dxe4 Qe5 26. Rg5 Bxf5 27. Nxf5 Qe6 28.
e5 g6 29. Bb3 Nd5 30. Rag1 Bg7 31. Qf3 Rad8 32. h4 Bxe5 33. Qh5 Rd6 34. Qh6
Red8 35. h5 Bh8 36. hxg6 Qf6 37. gxf7+ Kxf7 38. Qh7+ Ke6 39. Nd4+ Qxd4 40. cxd4
1-0

[Event "United States Championship 2006"]
[Site "San Diego USA"]
[Date "2006.03.08"]
[Round "6"]
[White "West, V."]
[Black "Vigorito, D."]
[Result "1/2-1/2"]
[WhiteElo "2083"]
[BlackElo "2359"]
[PlyCount "72"]
[EventDate "2006.??.??"]

1. e4 e5 2. Nf3 Nc6 3. Bb5 Nf6 4. O-O Nxe4 5. d4 Nd6 6. Bxc6 dxc6 7. dxe5 Nf5
8. Qe2 Nd4 9. Nxd4 Qxd4 10. h3 Bf5 11. Nc3 Bb4 12. Rd1 Qh4 13. Be3 Bxc3 14.
bxc3 Qe4 15. f4 Qxc2 16. Qe1 O-O 17. Bd4 h5 18. Rd2 Qe4 19. Qh4 Bg6 20. Re1 Qf5
21. Rf2 Qe6 22. Rf3 Rfd8 23. g4 c5 24. Bf2 Qc6 25. Rg3 Rd3 26. Rxd3 Bxd3 27.
gxh5 Kh7 28. Kh2 Rg8 29. Rg1 Qe6 30. a3 b6 31. Rg5 Bf5 32. Qg3 a5 33. Qf3 Rd8
34. Qg3 Rg8 35. Qf3 Rd8 36. Qg3 Rg8 1/2-1/2

[Event "United States Championship 2006"]
[Site "San Diego USA"]
[Date "2006.03.08"]
[Round "6"]
[White "Kriventsov, S."]
[Black "Ivanov, A."]
[Result "1/2-1/2"]
[WhiteElo "2449"]
[BlackElo "2606"]
[PlyCount "106"]
[EventDate "2006.??.??"]

1. e4 g6 2. d4 Bg7 3. Nc3 c6 4. h3 d6 5. Be3 Nd7 6. Qd2 b5 7. Nf3 Qc7 8. Bd3
Ngf6 9. O-O O-O 10. Rfe1 e5 11. Bh6 Bb7 12. dxe5 dxe5 13. a4 a6 14. axb5 cxb5
15. Bxg7 Kxg7 16. Nd5 Nxd5 17. exd5 Rfd8 18. Bf1 f6 19. d6 Qb6 20. b4 Rac8 21.
Ra3 Qc6 22. Nd4 Qd5 23. Rd3 Qa2 24. Rg3 Kh8 25. Rxg6 Qf7 26. Rh6 Rg8 27. Nf5
Rg5 28. Ng3 Qg7 29. Rh4 f5 30. Rh5 Rxh5 31. Nxh5 Qg6 32. Ng3 f4 33. Bd3 Qxd6
34. Nf5 Qg6 35. f3 Rf8 36. Be4 Qb6+ 37. Kh2 Bxe4 38. Rxe4 Qc7 39. Nd6 Qc6 40.
Re1 Rf6 41. Ne4 Rf8 42. Rd1 Nf6 43. Nc5 a5 44. Qc3 Re8 45. bxa5 Nd5 46. Qd3 Ne3
47. Qd6 Qxd6 48. Rxd6 Rg8 49. a6 Rxg2+ 50. Kh1 Rxc2 51. a7 Rc1+ 52. Kh2 Rc2+
53. Kg1 Rc1+ 1/2-1/2

[Event "United States Championship 2006"]
[Site "San Diego USA"]
[Date "2006.03.08"]
[Round "6"]
[White "Itkis, H."]
[Black "Christiansen, N."]
[Result "1/2-1/2"]
[WhiteElo "2105"]
[BlackElo "2003"]
[PlyCount "109"]
[EventDate "2006.??.??"]

1. c4 e5 2. Nc3 Bb4 3. Nd5 Ba5 4. b4 c6 5. bxa5 cxd5 6. cxd5 Qxa5 7. Qc2 Na6 8.
e4 Nf6 9. Rb1 O-O 10. Nf3 d6 11. Rb5 Qc7 12. Qxc7 Nxc7 13. Rb4 b6 14. Ng1 Na6
15. Bxa6 Bxa6 16. Ne2 Rfc8 17. Ba3 Rc4 18. Rxc4 Bxc4 19. Nc3 Bd3 20. f3 Ne8 21.
Kf2 Rc8 22. Ke3 Ba6 23. g3 f6 24. f4 Kf7 25. Rb1 Rc4 26. Rb4 Ke7 27. Rxc4 Bxc4
28. d3 Ba6 29. d4 Kd7 30. Bb4 Nc7 31. a4 Bc4 32. g4 a5 33. Ba3 b5 34. axb5 Nxb5
35. Nxb5 Bxb5 36. h4 Bf1 37. Bb2 exf4+ 38. Kxf4 Bg2 39. Ba3 g5+ 40. hxg5 fxg5+
41. Kf5 Bf3 42. Bc1 h6 43. Ba3 a4 44. Bb4 Bh1 45. Kg6 Bxe4+ 46. Kxh6 Bxd5 47.
Kxg5 Be6 48. Kf4 Kc6 49. g5 d5 50. Ke5 Bg8 51. g6 Kb5 52. Bc3 a3 53. Kf6 Kc4
54. Ba1 Kb3 55. Ke5 1/2-1/2